| 000 | 00475nam a22001817a 4500 | ||
|---|---|---|---|
| 005 | 20200518135357.0 | ||
| 008 | 200518b xxu||||| |||| 00| 0 eng d | ||
| 020 | _a9789384873206 | ||
| 041 | _aeng | ||
| 082 | _a615 | ||
| 100 |
_aMittal, Dr. Chanchal _95530 |
||
| 245 | _aComputer Application in Pharmacy( Covers Theory and Practical) | ||
| 250 | _a1'st | ||
| 260 |
_aModinagar (UP) _bUnnati Publication _c2017 |
||
| 300 | _a184 | ||
| 650 |
_aPharmacy _95531 |
||
| 942 | _cBK | ||
| 999 |
_c6284 _d6282 |
||